Normal view
MARC view
Entry Personal Name
001 - CONTROL NUMBER
- control field: 38267
003 - CONTROL NUMBER IDENTIFIER
- control field: OSt
005 - DATE AND TIME OF LATEST TRANSACTION
- control field: 20230515152014.0
008 - FIXED-LENGTH DATA ELEMENTS
- fixed length control field: 230515|| aca||aabn | a|a d
040 ## - CATALOGING SOURCE
- Original cataloging agency: OSt
- Transcribing agency: OSt
100 ## - HEADING--PERSONAL NAME
- Personal name: Banerjee, Breeta and Kundu, Amit
670 ## - SOURCE DATA FOUND
- Source citation: Work cat.: (OSt)522004: Banerjee, Breeta and Kundu, Amit, Revisiting the relationship between social capital and income of informal workers: An empirical analysis from Hooghly district of West Bengal, India
